[Event "Hyderabad op 1st"]
[Site "Hyderabad"]
[Date "2017.10.30"]
[Round "5"]
[White "Sreeshwan, Maralakshikari"]
[Black "Prraneeth, Vuppala"]
[Result "1-0"]
[WhiteElo "2067"]
[BlackElo "1736"]
[PlyCount "105"]
[EventDate "2017.10.28"]
[EventType "swiss"]
[EventRounds "10"]
[EventCountry "IND"]
[SourceTitle "CBM 181 Extra"]
[Source "ChessBase"]
[SourceDate "2017.12.12"]
[SourceVersion "1"]
[SourceVersionDate "2017.12.12"]
[SourceQuality "1"]

1. d4 Nf6 2. Nf3 e6 3. e3 d5 4. Bd3 c5 5. b3 Nc6 6. Bb2 Bd6 7. 0-0 0-0 8. a3 a5 9. Nbd2 b6 10. Ne5 Ne7 11. f4 Ba6 12. Bxa6 Rxa6 13. Qe2 Ra8 14. Rf3 Ne4 15. Nxe4 dxe4 16. Rh3 cxd4 17. exd4 f5 18. c4 Bxe5 19. fxe5 Qc7 20. Rd1 Rad8 21. Rc3 Ng6 22. Bc1 h6 23. a4 Qd7 24. Ba3 Rfe8 25. Bd6 Nf4 26. Qe3 Nd3 27. Rcxd3 exd3 28. Qxd3 Rc8 29. d5 exd5 30. cxd5 Rcd8 31. h3 Qf7 32. Qd4 Rxd6 33. exd6 Qg6 34. d7 Rd8 35. d6 Rxd7 36. Qxb6 f4 37. Qc6 f3 38. Qd5+ Kh7 39. g4 Rf7 40. Qd3 Qxd3 41. Rxd3 Rd7 42. Kf2 Kg6 43. Kxf3 Kf6 44. Rd5 Ke6 45. Ke4 Rxd6 46. Rxd6+ Kxd6 47. Kd4 g5 48. Kc4 Kc6 49. b4 axb4 50. Kxb4 Kb6 51. Kc4 Ka5 52. Kd5 Kxa4 53. Ke5 1-0